000 01215nam a2200301 4500
001 0000016371
003 CO-CtgCURN
005 20250508152529.0
007 ta
008 160627s1987 000 0 eng d
020 _a9682422728
040 _aCO-CtgCURN
_bspa
_ccoctgcurn
082 0 _a338.4791
_bM67f
100 1 _aMorales Mejia, David.
245 1 0 _aFinanciamiento Turistico :
_bfuentes internas y externas /
_cDavid Morales Mejia, Edmundo Vicente Valljo Terrero, María Elena Guerrero.
260 _aMexico :
_bTrillas,
_c1987.
300 _a155 p.
336 _2rdacontent
337 _2rdamedia
_asin mediacion
_bn
338 _2rdacarrier
_avolumen
_bnc
500 _aIncluye indice.
505 8 _aFuentes internas de financiamiento.--Fonatur.--Ley federal de turismo.-- Apertura de credito.--Turismo en mexico.--Financiamiento de un proyecto turistico.--Fuentes internas y externas de financiamiento de la actividad turistica
650 1 4 _aTurismo
_xAdministración.
700 1 _aVallejo Terreros, Edmundo Vicente
_aLópez Guerrero, María Elena.
908 _a160627
942 _cBK
_h338.4791
_iM67f
_2ddc
_n0
999 _c18522
_d18522